000 00360nam a2200145Ia 4500
008 150201s1987 xx 000 0 und d
082 _a616
_bD1987H
100 _aHALL,I.SIMAN
245 _aDISEASE OF THE NOSE ,THROAT & EAR
250 _a13TH
260 _bCHURCHILL LIVINGSTONE
_aEDINBURGH
_c1987
300 _a1-404
650 _aMEDICINE
942 _2ddc
_cBK
999 _c4059
_d4059